Roald Dahl (Record no. 11865)
[ view plain ]
| 000 -LEADER | |
|---|---|
| fixed length control field | 00262nam a22001217a 4500 |
| 008 - FIXED-LENGTH DATA ELEMENTS--GENERAL INFORMATION | |
| fixed length control field | 211029b ||||| |||| 00| 0 eng d |
| 020 ## - INTERNATIONAL STANDARD BOOK NUMBER | |
| International Standard Book Number | 9780141326221 |
| 050 ## - LIBRARY OF CONGRESS CALL NUMBER | |
| Classification number | 823 |
| Item number | 1 |
| 245 ## - TITLE STATEMENT | |
| Title | Roald Dahl |
| 260 ## - PUBLICATION, DISTRIBUTION, ETC. (IMPRINT) | |
| Place of publication, distribution, etc. | U.K |
| Name of publisher, distributor, etc. | Dahl Roald |
| 300 ## - PHYSICAL DESCRIPTION | |
| Extent | 1 |
| 942 ## - ADDED ENTRY ELEMENTS (KOHA) | |
| Source of classification or shelving scheme | Dewey Decimal Classification |
| Koha item type | BOOK |
| Withdrawn status | Lost status | Source of classification or shelving scheme | Damaged status | Not for loan | Home library | Current library | Shelving location | Date acquired | Total Checkouts | Full call number | Barcode | Date last seen | Date last checked out | Price effective from | Koha item type |
|---|---|---|---|---|---|---|---|---|---|---|---|---|---|---|---|
| Dewey Decimal Classification | Good Samaritan School Library | Good Samaritan School Library | FICTION | 10/29/2021 | 4 | 823 | DAH17116 | 04/23/2025 | 04/09/2025 | 10/29/2021 | BOOK |